|
|
|
|
| LEADER |
00000nam a2200000 a 4500 |
| 001 |
vtls011543971 |
| 003 |
SK-MaSNL |
| 005 |
20260302022445.0 |
| 008 |
251112s1530 gw 000 0 ger |
| 015 |
|
|
|a SNBHFA1530
|
| 020 |
|
|
|q (viaz.)
|
| 035 |
|
|
|a 4AA1F7C0-CD01-4187-B6AB-21EB9F9D07A8
|
| 035 |
|
|
|a urn:nbn:sk:snk-amlt3l
|
| 035 |
|
|
|a urn:nbn:sk:snk-am00cafg
|
| 040 |
|
|
|a SNKHFA
|b slo
|c HKF
|e AACR2
|
| 041 |
0 |
|
|a ger
|
| 044 |
|
|
|a gw
|c DE
|
| 072 |
|
7 |
|a 93/94
|x Dejiny (všeobecne)
|2 konspekt
|
| 072 |
|
7 |
|a 316.3
|x Globálne spoločnosti. Sociálna štruktúra. Sociálne skupiny
|2 konspekt
|
| 080 |
|
|
|a 93/94
|2 2011
|
| 080 |
|
|
|a (=512.161)
|2 2011
|
| 080 |
|
|
|a 3
|2 2011
|
| 080 |
|
|
|a 27-534.6
|2 2011
|
| 100 |
1 |
|
|a Jonas, Justus,
|c starší,
|d 1493-1555
|4 aut
|9 128520
|
| 245 |
1 |
4 |
|a Das siebend Capitel Danielis, von des Türcken Gottes lesterung vnd schrecklicher morderey : mit vnterricht Justi Jonae. Wittemberg
|
| 260 |
|
|
|a Gedruckt zu Wittemberg
|b durch Hans Lufft
|c [1530]
|
| 300 |
|
|
|a A-H4 [=32 l.]
|b ilustrácie
|c 4°
|c 21 cm
|
| 500 |
|
|
|a Tlačiarenské údaje dodané z kolofónu.
|
| 500 |
|
|
|a Nečíslované strany
|
| 500 |
|
|
|a Titulný list v drevoreznom ozdobnom ráme, ozdobné iniciálky v rámčeku na 3,6 riadkov
|
| 501 |
|
|
|a Príväzok 1. k: LUTHER, Martin. Eine Heer-predigt. Wittenberg : Schirlentz, Nickel, 1529.
|5 SNK IC 142667/prív.1
|
| 504 |
|
|
|a Kustody
|
| 510 |
4 |
|
|a VD 16
|c ZV/26521
|
| 546 |
|
|
|a Nemčina
|b Fraktura
|
| 561 |
|
|
|a Exemplár z Lontovskej knižnice.
|5 SNK IC 142667/prív.1
|
| 600 |
0 |
|
|a Süleyman
|b I.,
|c turecký sultán,
|d 1494/1495-1566
|2 SNKMA
|9 107126
|
| 650 |
0 |
7 |
|a dejiny
|2 SNKPH
|9 3825
|
| 650 |
0 |
7 |
|a Turci
|2 SNKPH
|9 30387
|
| 650 |
0 |
7 |
|a sociálne skupiny
|2 SNKPH
|9 1670
|
| 650 |
0 |
7 |
|a proroctvá
|2 SNKPH
|9 1964
|
| 700 |
1 |
|
|a Lufft, Hans,
|d 1495-1584
|4 prt
|9 160223
|
| 710 |
2 |
|
|a Lontovska knižnica (Lontov, Slovensko)
|4 fmo
|9 341279
|
| 710 |
0 |
|
|a Lufft, Hans (Wittenberg, Nemecko),
|d 1523-1584
|4 prt
|9 305371
|
| 752 |
|
|
|a Nemecko
|d Wittenberg
|
| 852 |
|
|
|a snk
|b Lontovská knižnica
|p IC 142667/prív.1
|
| 958 |
|
|
|a ONDV
|
| 999 |
|
|
|c 1032813
|d 1034743
|
| 952 |
|
|
|t AL 17610
|a SNK
|b SNK
|c SNK_HF
|y PREZ
|7 0
|p 17A1128532
|o snkIC 142667/prív.1
|i snk2016/8962
|8 5
|0 0
|1 0
|4 0
|d 2016-04-07
|f 1
|l 0
|r 2026-02-24 13:59:34
|w 2026-02-24
|